| 000 | 00699ntaaa2200217 4500 | ||
|---|---|---|---|
| 003 | 01 | ||
| 005 | 20251027203158.0 | ||
| 008 | 0714s1973 ag 01 | ||
| 020 | _a0899226310 | ||
| 040 |
_aAR-BaBN _bspa _cAR-BaBN _eaacr _dRIC |
||
| 082 | _a220.7 R11 | ||
| 100 |
_aRadmacher, Earl D _933301 |
||
| 245 | _aNuevo Comentario Ilustrado de la Biblia | ||
| 250 | _a1ed | ||
| 260 |
_aNashville : _bCaribe, _c2003 |
||
| 300 |
_axlviii, 1760 p ; _ccuadros; ilustr |
||
| 500 | _aContiene tablas, diagramas, cronologias, descubrimientos arqueologicos y otras ayudas además del comentario de los pasajes de la biblia | ||
| 700 |
_aAllen, Ronald B _933302 |
||
| 700 |
_aHouse, H.Wayne _933303 |
||
| 942 | _cBK | ||
| 999 |
_c27250 _d27250 |
||